00524nam a2200169Ia 450000500170000000800410001704000190005804100120007708200250008910000280011424500640014226000380020630000100024465000670025465100230032185000100034420230524133543.0131103s9999 xx 000 0 und d aLoreto College aEnglish aTAG 891.441bTAG-GAN aGanguly, Sukhendusundar aRabindra-kabyalochonay RabindranathcSukhendusundar Ganguly aCalcuttabKaruna Prakashanic1977 a417p  aTagore, Rabindranath, 1861-1941 - Criticism and Interpretation aBengali Literature aLCLIB